8 Not So Crazy Questions (A Hanukkah Quiz) Stats

 Plays Quiz Updated Dec 28, 2019

Support Sporcle.
Go Orange.
Score 0/8 Timer 03:00
1 Play Today
Question Answer Wrong Answers
Hanukkah commemorates the rededication of the Holy Temple (the Second Temple) in Jerusalem at the time of the Maccabean Revolt against the Seleucid Empire.
Which is a top used as a minor gambling toy?
???
94.4%
???
4.2%
Hanukkah is a festival also known as the Festival of Lights and the Feast of Dedication.
Which does Hanukkah celebrate?
???
89.8%
???
9.7%
What are Latkes, a traditional Hanukkah food? ???
89.4%
???
4.4%
Hanukkah gelt is the traditional gift, but in response to Christmas gift giving, gifts have changed.
When is the first day of Hanukkah?
???
86.3%
???
6.6%
Which best describes Hanukkah? ???
83.4%
???
16.6%
Latkes are potato pancakes. They are often served with apple sauce or sour cream.
Real or chocolate coins are often given as Hanukkah gifts. What are the coins called?
???
83.2%
???
10.1%
The dreidel is a four-sided spinning top, played with during the Jewish holiday of Hanukkah. The dreidel is a Jewish variant on the teetotum, a gambling toy.
The Hanukkah Menorah is a candelabrum that holds how many candles?
???
63.9%
???
33.5%
The Hanukkah Menorah is a nine-branched candelabrum lit during the eight-day holiday of Hanukkah. The menorah has one candle for each night of Hanukkah and a ninth candle used to light the others.
What is the ninth Candle called?
???
63.2%
???
32.4%

You're not logged in!

Compare scores with friends on all Sporcle quizzes.
OR
Log In
Forgot?
Remove Ads.
Support Sporcle.
Get the best of Sporcle when you Go Orange. This ad-free experience offers more features, more stats, and more fun while also helping to support Sporcle. Thank you for becoming a member.

Show Comments

Extras

Top Quizzes Today


Score Distribution

Your Account Isn't Verified!

In order to create a playlist on Sporcle, you need to verify the email address you used during registration. Go to your Sporcle Settings to finish the process.

Report this User

Report this user for behavior that violates our Community Guidelines.

Details: